Score 0/27 Timer 04:00
1 Play Today
Clue 4-Letter Word % Correct
Dime or nickel, e.g.COIN
97.2%
Become a member ofJOIN
96%
• One of 23 Popes ••JOHN•
95.9%
Veggie found in earsCORN
95.7%
Bottle stopperCORK
95.6%
Locale with lots of storesMALL
92.4%
Genetically, like one with an XYMALE
92.2%
• One of 6 Popes ••PAUL•
91.8%
Robin Williams' TV AlienMORK
91.6%
Mother of a fillyMARE
90.9%
Lacking complexionPALE
90.2%
• A Pope ••MARK•
90.1%
+PLUS
88.8%
RippedTORE
88.6%
Clue 4-Letter Word % Correct
Skin openingPORE
88.5%
A linen for covering a coffinPALL
87.7%
Gondola propellorPOLE
85.6%
A stone fruitPLUM
84.2%
• One of 12 Popes ••PIUS•
82.7%
Sad or dourGLUM
81.6%
A trip to many planned locationsTOUR
79.7%
Disease of painful joint inflammationGOUT
79.1%
Ancient FranceGAUL
78.5%
Bile or rancorGALL
78%
A huge surplusGLUT
76.7%
Promote or talk upTOUT
75.5%
A unit of pressureTORR
74.9%

Today's Daily Dose

You're not logged in!

Compare scores with friends on all Sporcle quizzes.
OR
Log In

Sporcle TV

Today on Sporcle TV


Watch our educational content, quiz creation guides, and fun videos on Sporcle TV.

Show Comments

Extras

Top Quizzes Today


Score Distribution

Paid Content

Your Account Isn't Verified!

In order to create a playlist on Sporcle, you need to verify the email address you used during registration. Go to your Sporcle Settings to finish the process.

Report this User

Report this user for behavior that violates our Community Guidelines.

Details: